000 01380nam0a2200289 i 4500
001 RU\NLR\BIBL_A\011316401
005 20241103025841.0
010 _a9785929317392
_9500
021 _aRU
_b2016-98407
_96545
035 _a(NLR Aleph) 011316401
090 _a11051646
_c11051646
100 _a20170126d2016 k y0rusy50 ca
101 0 _arus
102 _aRU
105 _ac|||z|||000zy
200 1 _aФортепианная культура Китая: пути становления национальной школы
_eмонография
_fП.В. Гайдай
_gМ-во образования и науки Рос. Федерации, Федер. гос. бюджет. образоват. учреждение высш. образования "Забайк. гос. ун-т"
210 _aЧита
_cЗабайкальский государственный университет
_d2016
215 _a193 с.
_cпортр.
_d20
300 _aЗагл. также на кит. яз.
320 _aБиблиогр.: с. 166-188 (229 назв.)
606 _aФортепианная музыка китайская
_z20 в.
_92033331
_3RU\NLR\AUTH\66936796
686 1 _aЩ313(5Кит)6-454.2
700 1 _aГайдай
_bП. В.
_gПолина Владимировна
942 _cBOOK
980 _aNBR